10/ Calendrier de l'Avent - Anniversaires - Statistiques

Statistiques générales
  • Ce quiz a été pris 14 fois
  • Le résultat moyen est 5 sur 24
Statistiques - réponses
Jour de décembre Indice 1 Indice 2 Indice 3 Réponse % Correct
5 Chanteuse française née en 1966 P Patricia Kaas
50%
18 Réalisateur américain né en 1946 S Steven Spielberg
50%
2 Chanteuse américaine née en 1981 B Britney Spears
42%
9 Explorateur français né en 1946 JL Jean-Louis Etienne
42%
22 Chanteuse française née en 1972 V Vanessa Paradis
42%
7 Chef français né en 1964 Y Yves Camdeborde
42%
24 Chanteuse canadienne née en 1959 D Diane Tell
33%
14 Chanteur suisse né en 1940 H Henri Dès
33%
21 Actrice américaine née en 1937 J Jane Fonda
33%
1 Réalisateur américain né en 1935 W Woody Allen
33%
4 Acteur français né en 1953 JP Jean-Pierre Darroussin
25%
23 Chanteuse française née en 1967 C Carla Bruni
17%
3 Réalisatrice française née en 1948 D Diane Kurys
17%
11 Chanteur français né en 1938 E Enrico Macias
17%
16 Chanteuse française née en 1962 L Liane Foly
17%
13 Femme politique française née en 1941 C Catherine Tasca
8%
6 Journaliste française née en 1976 E Estelle Denis
8%
12 Femme politique française née en 1948 F Françoise de Panafieu
8%
20 Actrice française née en 1966 H Hélène Rollès
8%
10 Acteur anglais né en 1946 K Kenneth Branagh
8%
15 Actrice française née en 1956 C Catherine Jacob
0%
17 Mannequin française née en 1987 O Ophélie Meunier
0%
8 Chanteur français né en 1973 P Philippe Katerine
0%
19 Comédien français né en 1942 R Rufus
0%
Aucun quiz correspondant
Distribution des résultats
% des personnes avec chaque résultat
Percentile par nombre de réponses
Votre historique - résultats
Vous n’avez pas pris ce quiz